000 00634nam a2200217Ia 4500
005 20241129104142.0
008 241129s9999||||xx |||||||||||||| ||und||
020 _a9781639895632
037 _aTextual
040 _aRTL
_beng
_cRTL
041 _aeng
_2eng
084 _aX9(D2):8 R1
_qRTL
100 _aFord Vincent
_9725004
245 0 _aWater conservation and management: Principles and practices
_cFord Vincent
260 _aBrooklyn
_bState Academic Press
_c2022
300 _aviii,237p.
365 _aINR
_b12962.66
650 _aWater Management
942 _cTB
_hX9(D2):8 R1
999 _c1224644
_d1224644